| 000 | 00766nam a22001937a 4500 | ||
|---|---|---|---|
| 999 |
_c1721 _d1721 |
||
| 003 | AR-CdUCM | ||
| 008 | 190227b ||||| |||| 00| 0 spa d | ||
| 040 |
_aMUNICIPALIDAD PROVINCIAL DEL CUSCO _cBIBLIOTECA MUNICIPAL DEL CUSCO |
||
| 082 |
_a380.14 / _bD14 |
||
| 100 |
_aDaemon, Dalton _96353 |
||
| 245 | _aPlanificación del desarrollo comercial / | ||
| 260 |
_aLima : _bEUNAFEV , _c1972. |
||
| 300 |
_a131 páginas ; _bilustraciones. _c20 cm. |
||
| 505 | _aLa comercialización como elemento inductor en el proceso desarrollista -- Modernización del sistema de comercialización -- Desarrollo y comercialización... | ||
| 650 |
_aDesarrollo comercial. _96354 |
||
| 650 |
_aPolíticas de comercialización. _96355 |
||
| 942 |
_2ddc _cLIBROS |
||
| 945 |
_awfj _d2019-02-27 |
||